000 00528nam a2200205Ia 4500
003 0100
008 130227s9999 xx 000 0 und d
040 _cARRUPELIB
050 _aJF1001.R39
100 _aReilly, Benjamin
245 _aDemocracy in divided societies
245 _belectoral engineering for conflict management
260 _aCambridge
260 _bCambridge University Press
260 _C2001
300 _a217p.
300 _b 23 cm
440 _aTheories of institutional design
942 _2lcc
_07
999 _c2711
_d2711